[Event "FRA-chT3 Gr5 0203"]
[Site "France"]
[Date "2002.10.13"]
[Round "1"]
[White "Rabhi, Chamss Eddine"]
[Black "Le Merle, Arnaud"]
[Result "1-0"]
[WhiteElo "2010"]
[BlackElo "2130"]
[PlyCount "48"]
[EventDate "2002.12.09"]
[EventType "team"]
[EventRounds "9"]
[EventCountry "FRA"]
[SourceTitle "EXT 2004"]
[Source "ChessBase"]
[SourceDate "2003.11.25"]
[SourceVersion "1"]
[SourceVersionDate "2003.11.25"]
[SourceQuality "1"]

1. d4 Nf6 2. c4 c5 3. d5 e5 4. Nc3 d6 5. e4 g6 6. Be2 Bg7 7. Nf3 Nbd7 8. 0-0 a6 9. a3 0-0 10. Bg5 h6 11. Bxf6 Qxf6 12. b4 Qe7 13. Na4 cxb4 14. axb4 a5 15. bxa5 Rxa5 16. Qd2 Rxa4 17. Rxa4 Nc5 18. Ra8 f5 19. exf5 gxf5 20. g3 Bd7 21. Rxf8+ Qxf8 22. Nh4 Bf6 23. Kh1 e4 24. Ng2 Qe7 1-0

[Event "FRA-chT3 01"]
[Site "France"]
[Date "2000.10.15"]
[Round "1"]
[White "Le Merle, Arnaud"]
[Black "Barouillet, Franck"]
[Result "0-1"]
[WhiteElo "1910"]
[BlackElo "1780"]
[PlyCount "68"]
[EventDate "2001.??.??"]
[EventType "team"]
[EventRounds "9"]
[EventCountry "FRA"]
[SourceTitle "EXT 2002"]
[Source "ChessBase"]
[SourceDate "2001.11.25"]
[SourceVersion "1"]
[SourceVersionDate "2001.11.25"]
[SourceQuality "1"]
[WhiteTeam "Sautron"]
[BlackTeam "Brest"]
[WhiteTeamCountry "FRA"]
[BlackTeamCountry "FRA"]

1. Nf3 d5 2. c4 d4 3. e4 c5 4. d3 Nc6 5. g3 e5 6. Bg2 h6 7. a3 Bd6 8. Nbd2 Nge7 9. Rb1 0-0 10. 0-0 Bg4 11. h3 Bd7 12. Nh4 Rb8 13. f4 exf4 14. gxf4 a6 15. e5 Bc7 16. Ne4 b6 17. Qh5 Be8 18. Qg4 Ng6 19. Nf3 Kh7 20. Qg3 f5 21. Nfg5+ hxg5 22. Nxg5+ Kh8 23. Qf3 Nh4 24. Qf2 Nxg2 25. Kxg2 Bh5 26. Ne6 Qe7 27. Nxf8 Rxf8 28. Bd2 Nd8 29. Rbe1 Ne6 30. Qg3 Rg8 31. Kh2 Bd8 32. Rg1 Qh4 33. Rb1 Qxg3+ 34. Kxg3 Be2 0-1